01126 a2200217 45000010006000000050017000060080041000230030015000640400040000790800053001192450132001720200022003042640096003263000019004225050241004410410008006821000086006907000020007767000017007968560095008135666320260407155830.0260407a2021 arg spa dAR-UNSa-BCEJYS aAR-UNSa-BCEJYSbspacAR-UNSa-BCEJYS a339.5xComercio exterior. Comercio Internacional10aPerspectivas del comercio internacional de América Latina y el Caribepen busca de una recuperación resiliente y sostenible a978-92-1-122076-6 1aSantiago de Chile :bCEPAL (Comisión Económica para América Latina y el Caribe)c2021 a211 p.c27 cm. a1. El comercio mundial y regional se recuperan en medio de una elevada incertidumbre - 2. El desafío de la autonomía productiva regional en la industria de la salud - 3. El aporte del comercio internacional a una economía circular aspa1 aNaciones Unidas. Comisión Económica para América Latina y el Caribe (CEPAL)1 aCastillo, Mario1 aInoue, Keiji41uhttps://biblioeco.unsa.edu.ar/pmb/images/libros/L128583.jpgyImagen de portadaqimage/jpeg